000
00259pam a2200121 a 4500
020
_c
041
_a
eng
100
_a
Smith Deersaft.
245
_a
Words & Idions
_h
Textual Documents
260
_a
Pune
_b
University Of Pune
300
_a
299p.
930
_a
15283
999
_c
92183
_d
92183